Responses for show #6413 - Wednesday, July 4, 2012

Contestants

Jennifer Emmett, an executive assistant from Fremont, California

Ron King, a web designer from Camarillo, California

Matt Samberg, an attorney from Pittsburgh, Pennsylvania (whose 3-day cash winnings total $61,402)

Jeopardy! Round responses

ROYAL DYNASTIES
(Alex: We'll give you the ruler, and you identify the dynasty for us.)
LONG RUNS IN PRIME TIME
THE BEST OF DEAR ABBY
SEAPORTS
ANCHORS AWEIGH
"FUL" STEAM AHEAD
    $200 1
Bourbon

Matt
    $200 13
Law & Order

Matt
    $200 26
(Alex: Minute to go now.)

crazy

Matt
    $200 5
Alexandria

Matt
    $200 7
ahoy

Matt
    $200 10
full-length

Jennifer
    $400 2
Ming

Ron
    $400 14
(Ron: What's The [*] Show?)

Ed Sullivan

Ron
    $400 27
(Matt: What is drunk?)

sober

Matt
Triple Stumper
    $400 18
Puerto Rico

Matt
    $400 8
bell-bottoms

Ron
    $400 11
a fulcrum

Jennifer
    $600 3
Stuart

Matt
    $600 15
Meet the Press

Ron
    $600 28
pause

Triple Stumper
    $600 23
Norway

Jennifer
    $600 9
a peacoat

Matt
    $600 12
full-blooded

Triple Stumper
    $800 4
Pahlavi

Ron
    $800 19
What's My Line?

Ron
    $800 30
birth control pills

Triple Stumper
    $800 24
Calais

Jennifer
    $800 16
keelhauling

Ron
    $800 21
fulsome

Triple Stumper
    $1000 6
(Matt: What is Hohenstaufen?)

Hapsburg

MattRon
    $1000 20
Lassie

Matt
    $1000 29
(Jennifer: What is the marriage?)

the wedding

RonJennifer
    $1000 25
(Jennifer: What is Murmansk?)
(Ron: What is Sevastopol?)

Odessa

RonJennifer
Triple Stumper
    $1000 17
gadget

Triple Stumper
    $1000 22
Fulton

Ron

Scores at the first commercial break (after clue 15):

Matt Ron Jennifer
$1,000 $3,600 $600

Scores at the end of the Jeopardy! Round:

Matt Ron Jennifer
$2,200 $6,200 $0

Double Jeopardy! Round responses

PEOPLE WITH BRADY KID NAMES
RAIDERS OF THE LOST ARCHAEOLOGY
SPIRITUALS
ISN'T IT AN -"ISM"?
TITLE CHARACTERS
HALLEY'S CATEGORY
    $400 6
Greg Norman

Ron
    $400 1
the Iliad

Matt
    $400 25
a sweet chariot

Jennifer
    $400 15
a euphemism

Triple Stumper
    $400 20
The Hobbit

Ron
    $400 10
a comet

Matt
    $800 7
Bobby Seale

Triple Stumper
    $800 2
the Tower of Babel

Matt
    $800 26
Joshua

Jennifer
    $800 16
nepotism

Jennifer
    $800 21
The Girl with the Dragon Tattoo

Ron
    $800 11
Newton

Ron
    $1200 8
Peter Jennings

Jennifer
    $1200 3
(Ron: Who is Leakey?)
(Alex: Which one?)

Mary Leakey

Ron
    $1200 27
(Ron: [*]?)
(Alex: No. R--Matt?)
(Matt: What is [*]?)
(Alex: Yes--two days in a row where we have a contestant forget to phrase it in the form of a question.)
[The end-of-round signal sounds.]

when the saints go marching in

MattRon
    $1200 17
(Ron: What is egotism?)

narcissism

MattRon
    $2,000 22
(Ron: Who is Pirandello?)
...
(Alex: We have less than a minute to go now.)

The Misanthrope

Ron
    $1200 12
the Greenwich Observatory

Ron
    $1600 9
Marcia Clark

Matt
    $1600 4
Crete

Jennifer
    $1600 18
[ERRATUM: Cotter was misspelled as shown.]

criticism

Ron
    $1600 23
The Prince and the Pauper

Matt
    $3,000 13
(Ron: What is an eclipse?)

a transit

Ron
    $2000 5
(Howard) Carter

Ron
    $2000 19
an anachronism

Matt
    $2000 24
The Merry Wives of Windsor

Jennifer
    $2000 14
actuarial tables

Matt

Scores at the end of the Double Jeopardy! Round:

Matt Ron Jennifer
$13,400 $7,200 $6,800

[wagering suggestions for these scores]

Final Jeopardy! Round responses

NUCLEAR NATIONS
(Alex: [To Jennifer] That, unfortunately, is incorrect, but we do tend to associate the roly-poly Buddha with that country.)
JenniferWhat is China?
$6,800
RonWhat is India?
$6,401
MattWhat is China?
$1,001
India

Final scores:

Matt Ron Jennifer
$12,399 $13,601 $0
2nd place: $2,000 New champion: $13,601 3rd place: $1,000

Game dynamics:

Coryat scores:

Matt Ron Jennifer
$13,400 $12,200 $6,800
18 R,
2 W
18 R,
5 W
(including 2 DDs)
10 R
(including 1 DD),
2 W

Combined Coryat: $32,400

The J! Archive is created by fans, for fans. The Jeopardy! game show and all elements thereof, including but not limited to copyright and trademark thereto, are the property of Jeopardy Productions, Inc. and are protected under law. This website is not affiliated with, sponsored by, or operated by Jeopardy Productions, Inc. Join the discussion at JBoard.tv.